Normal view
MARC view
Entry Uniform Title
001 - CONTROL NUMBER
- control field: 52725
003 - CONTROL NUMBER IDENTIFIER
- control field: dpl
005 - DATE AND TIME OF LATEST TRANSACTION
- control field: 20120928161223.0
008 - FIXED-LENGTH DATA ELEMENTS
- fixed length control field: 120928|||a|||||| | ||| d
040 ## - CATALOGING SOURCE
- Original cataloging agency: dpl
- Transcribing agency: dpl
130 ## - HEADING--UNIFORM TITLE
- Uniform title: Indian myths and legends
670 ## - SOURCE DATA FOUND
- Source citation: Work cat.: (dpl)59741: Bansal, Sunita Pant 52724, Bhishm /
670 ## - SOURCE DATA FOUND
- Source citation: Work cat.: (dpl)59741: Bansal, Sunita Pant 52724, Bhishm /
